| 000 | 00553nam a2200205Ia 4500 | ||
|---|---|---|---|
| 005 | 20260429112111.0 | ||
| 008 | 260429s9999||||xx |||||||||||||| ||und|| | ||
| 020 | _a9780443187209 | ||
| 041 | _aEnglish | ||
| 082 |
_a519.2 _bROU |
||
| 100 | _aRoussas, George G. | ||
| 245 | 0 |
_aIntroduction to probability and statistical inference / _cGeorge G. Roussas |
|
| 250 | _a3rd ed. | ||
| 260 |
_aAmsterdam : _bElsevier, _c2025. |
||
| 300 | _axviii, 643 p.; pbk | ||
| 650 | _a Inference | ||
| 650 | _a Probability | ||
| 650 | _aStatistics | ||
| 942 | _cTB | ||
| 999 |
_c52357 _d52357 |
||